000 00204 a2200097 4500
001 9593
100 _aJenkins, F
245 _aFundamentals of Optics
260 _a
_bMc Graw Hill
_c
090 _c7633
_d7633
942 _aNUST-CAE
_cM
_c34304
999 _c244666
_d244666